El mundo contemporáneo : (Record no. 168253)

MARC details
000 -LEADER
fixed length control field 00712nam a22002177a 4500
005 - DATE AND TIME OF LATEST TRANSACTION
control field 20230907114102.0
008 - FIXED-LENGTH DATA ELEMENTS--GENERAL INFORMATION
fixed length control field 230907b sp |||||||| |||| 00| 0 spa d
020 ## - INTERNATIONAL STANDARD BOOK NUMBER
International Standard Book Number 8430604294
Terms of availability
050 04 - LIBRARY OF CONGRESS CALL NUMBER
Classification number D359.2
Item number V55 2001
100 1# - MAIN ENTRY--PERSONAL NAME
Personal name Villares, Ramón
Relator term 1951-
245 13 - TITLE STATEMENT
Title El mundo contemporáneo :
Remainder of title siglos XIX y XX /
Statement of responsibility, etc Ramón Villares, Ángel Bahamonde.
250 ## - EDITION STATEMENT
Edition statement 1a ed.
260 ## - PUBLICATION, DISTRIBUTION, ETC. (IMPRINT)
Place of publication, distribution, etc Madrid :
Name of publisher, distributor, etc Taurus,
Date of publication, distribution, etc 2001
300 ## - PHYSICAL DESCRIPTION
Extent 621 p. :
Other physical details il. ;
Dimensions 24 cm.
Size of unit
440 ## - SERIES STATEMENT/ADDED ENTRY--TITLE
Title Pensamiento
500 ## - GENERAL NOTE
General note # 1239 Donacion: Juan Alvarez Cienfuegos 25/ FEB./2020
504 ## - BIBLIOGRAPHY, ETC. NOTE
Bibliography, etc Incluye índice
650 #7 - SUBJECT ADDED ENTRY--TOPICAL TERM
Source of heading or term LEMB
Topical term or geographic name as entry element Historia contemporánea
Chronological subdivision Siglos XIX-XX
700 1# - ADDED ENTRY--PERSONAL NAME
Personal name Bahamonde, Ángel,
Relator term coaut.
942 ## - ADDED ENTRY ELEMENTS (KOHA)
Source of classification or shelving scheme Biblioteca del Cogreso de los Estados Unidos
Koha item type Libro
Holdings
Estado de pérdida Fuente de clasificación Estado del daño No para préstamo Ubicación permanente Ubicación actual Apartado o colección Fecha de adquisición Edición Área del conocimiento Total Checkouts Clasificación Código de Barras Date last seen Número de copia Costo por reposición Tipo de recurso
  Biblioteca del Cogreso de los Estados Unidos     Biblioteca de la Facultad de Filosofía Biblioteca de la Facultad de Filosofía General 07/09/2023 1a ed. Educación y Humanidades   D359.2 V55 2001 BFF000039693 07/09/2023 C:1 1.00 Libro